| 000 | 00663nam a22002057a 4500 | ||
|---|---|---|---|
| 999 |
_c523402 _d523402 |
||
| 003 | NUST | ||
| 005 | 20191018120332.0 | ||
| 008 | 190213b ||||| |||| 00| 0 eng d | ||
| 020 | _cAvailable | ||
| 038 | _aNusrat Nadeem | ||
| 040 |
_aDLC _bDLC _cRCMS |
||
| 082 | _a004.12 WAL | ||
| 100 |
_aKhalid Waleed _913641 |
||
| 245 |
_aMS/Thesis: Design And Optimization of Diffuser for Horizontal Axis Diffuser Augmented Hydro - Kinetic Turbine _cWaleed Khalid |
||
| 260 |
_aIslamabad _bRCMS NUST _c2019 |
||
| 300 |
_a73,p: _bill: _c28,cm. |
||
| 600 |
_vComputational Science and Engineering _924394 |
||
| 700 | _4Dr. Salma Sherbaz(Supervisor ) | ||
| 942 |
_2ddc _cTHE |
||